Trendy v oblasti zdravého životného štýlu diplomová práca

Na minha lista:
Detalhes bibliográficos
Autor principal: Ševčíková, Laura
Autor Corporativo: Obchodná fakulta EU. Katedra marketingu
Outros Autores: Vokounová, Dana, 1962-
Formato: Livro
Idioma:eslovaco
Publicado em: Bratislava 2019
Tags: Adicionar Tag
Sem tags, seja o primeiro a adicionar uma tag!

MARC

LEADER 00000nbm a2200000 4500
001 0253913
005 20190704135724.2
041 0 |a slo 
044 |a SK 
245 1 0 |a Trendy v oblasti zdravého životného štýlu  |b diplomová práca  |c Laura Ševčíková ; školiteľ: Dana Vokounová 
264 1 |a Bratislava  |c 2019 
300 |a 79 s. 
100 1 |a Ševčíková, Laura 
700 1 |a Vokounová, Dana, 1962- 
710 2 |a Obchodná fakulta EU. Katedra marketingu